000 00496nam a2200169Ia 4500
999 _c22700
_d22700
003 OSt
005 20200519111106.0
008 190216s9999||||xx |||||||||||||| ||und||
020 _a9788178980416
040 _coclc
082 _a330.0917671
_bAZM/I
100 _aAzmi, Sabahuddin
_92418
245 0 _aIslamic Economics /
_cSabahuddin Azmi
260 _bGood Word Books,
_aNew Delhi:
_c2002.
300 _a157p
942 _cBK
_2ddc
_h330.0917671
_iAZM/I
_k330.0917671
_mAZM/I